[Event "Stay Safe Play From Home 220"]
[Site "T#646737Emanuel Laske"]
[Date "2020.06.12"]
[Round "3"]
[White "Haxhi Baha"]
[Black "Grizzzly"]
[Result "1-0"]
[WhiteElo "1956"]
[BlackElo "1784"]
[Annotator "TA"]
[PlyCount "63"]
[EventDate "2020.06.12"]
[EventType "swiss (blitz)"]

{[%evp 13,63,4,77,47,228,227,223,190,234,233,263,185,212,139,135,127,233,211,367,352,459,438,510,452,697,671,1618,1567,1710,1713,2122,2161,29985,29986,3130,3158,2618,2380,2493,1416,29993,29994,29994,1617,1930,1914,2486,2518,29976,8454,6403,4984]} 1. e4 c5 2. Nf3 d6 3. d4 cxd4 4. Nxd4 Nf6 5. Nc3 a6 6. f4 e6 7. Qf3 Be7 (7... e5 $11 {remains equal.} 8. Nb3 Nc6) 8. g4 {[#] B82: Sicilian Scheveningen: 6 f4.} Nbd7 $146 (8... Nc6 $14 9. Nxc6 bxc6) ({Predecessor:} 8... Qc7 9. Be3 b5 10. Bg2 Bb7 11. g5 Nfd7 12. O-O-O Nc6 13. h4 Rc8 14. Qf2 Na5 15. Kb1 Nc4 16. Bc1 Nc5 17. f5 {1-0 (27) Tan,Y (1586)-Teh,R (1406) Penang 2019}) 9. g5 $18 Ng8 10. h4 {White is clearly better.} Qc7 11. Be3 b5 12. O-O-O Bb7 13. Bd3 b4 14. Nce2 d5 (14... Nc5 $16) 15. e5 Nc5 $2 (15... Bc5 16. h5 Qb6) 16. Kb1 Nxd3 17. cxd3 ({Less strong is} 17. Rxd3 Bc5 $16) 17... Rc8 18. Rc1 Qb8 (18... Bc5 $142 19. Rhf1 g6) 19. f5 Qxe5 20. fxe6 fxe6 21. Bf4 Rxc1+ 22. Rxc1 Bd6 23. Bxe5 Bxe5 24. Nxe6 Ne7 25. Nc7+ Kd7 26. Qf7 {White wants to mate with Qe6+.} Rc8 27. Qe6+ {[%mdl 64] Double Attack} Kd8 28. d4 (28. Qxe5 $142 Bc6 {[#]} 29. Rxc6 $1 {[%mdl 512]} Rb8 30. Qd6+ Kc8 31. Qxe7 Kb7 32. Na8+ $1 {[%mdl 512]} Kxc6 33. Nd4#) 28... Rxc7 29. Qxe5 Rxc1+ 30. Kxc1 Kd7 31. Nf4 (31. Qxg7 $142 Kd8 32. Qxh7 Bc8 33. Nf4 a5 34. Qh8+ Kd7 35. Qe5 Bb7 36. g6 Nxg6 37. Nxg6) 31... Nc6 32. Qe6+ {Accuracy: White = 75%, Black = 16%.} 1-0

[Event "Stay Safe Play From Home 220"]
[Site "T#646737Emanuel Laske"]
[Date "2020.06.12"]
[Round "3"]
[White "Greblah"]
[Black "Justwatch"]
[Result "1-0"]
[WhiteElo "1902"]
[BlackElo "1831"]
[Annotator "TA"]
[PlyCount "95"]
[EventDate "2020.06.12"]
[EventType "swiss (blitz)"]

{[%evp 9,94,20,32,4,28,4,11,-6,0,-22,-16,-20,0,-17,-16,-46,-25,-56,-48,-62,-56,-88,-75,-72,-72,-87,-13,-114,-81,-106,-109,-163,-167,-272,-268,-270,-190,-188,-189,-183,-181,-510,-510,-438,-181,-181,-160,-289,-294,-306,1137,-348,-72,-60,-6,-75,37,-1530,0,-144,-156,-139,0,-263,-101,-106,-30,-82,23,-30,29,29,1473,-13,-13,-20,89,70,29981,137,818,463,408,285,29993,29994,29999]} 1. e4 Nf6 2. e5 Nd5 3. d4 d6 4. exd6 cxd6 5. c3 Nf6 6. Bc4 {B03: Alekhine's Defence: Four Pawns Attack.} g6 {[#]} 7. Ne2 $146 ({Predecessor:} 7. Bg5 Bg7 8. Qc1 h6 9. Bd2 Nc6 10. Ne2 d5 11. Bd3 e5 12. O-O Qb6 13. Re1 {0-1 (31) Dolansky,L (2102)-Miesbauer,J (2321) Klatovy 2016}) 7... Bg7 8. O-O {The position is equal.} O-O 9. Qe1 Nc6 10. Ng3 Bg4 11. f3 Bd7 $36 {[%mdl 2048] Black is pushing.} 12. Bg5 a6 13. Bxf6 Bxf6 14. Ne4 Bg7 15. Nbd2 b5 16. Bb3 Na5 17. Bc2 d5 (17... Rc8 $17 {Threatening ...Bxd4+!} 18. b4 Nb7) 18. Ng3 (18. Nc5 $11 {remains equal.}) 18... e6 19. Nb3 Nc4 20. Nc5 (20. Qf2 $17) 20... Nxb2 $19 21. Qb1 (21. Rb1 {keeps fighting.} Nc4 22. Bd3) 21... Nc4 22. Qc1 Bf6 23. Bd3 Be7 24. Bxc4 bxc4 ({But not} 24... dxc4 25. Qe3 $17) 25. Qh6 $2 (25. Qe3 {is more resistant.}) 25... Bg5 26. Qh3 Bb5 (26... Bc8 $142 27. Ne2 e5 $1 {[%mdl 512]}) 27. f4 Bf6 28. f5 (28. a4 $17 Be8 29. Ne2) 28... exf5 29. Nxf5 Bd7 $4 {[%mdl 8192]} (29... gxf5 $19 30. Qg3+ Bg7 31. Rxf5 Qb8) 30. g4 $4 {[%mdl 8192]} (30. Nh6+ $18 {is the narrow road to win.} Kg7 31. Nxd7) 30... Bxf5 $2 (30... gxf5 $19 31. Nxd7 Qxd7 32. Rxf5 Bg7) 31. gxf5 $17 g5 (31... Ra7 $15) 32. Qh6 (32. Qh5 $11) 32... Qd6 (32... Rb8 $1 $17 33. Nd7 Qxd7 34. Qxf6 Qd8 35. Qxa6 Rb2) 33. Rae1 $2 {[%mdl 8192] [#]} (33. Kh1 $14) 33... Rfe8 $2 {[#]} ({Black should play} 33... Bxd4+ $1 $19 {[%mdl 512]} 34. cxd4 Qxh6) 34. Qh3 (34. Ne6 $1 $11 {[%mdl 512]} Qe7 {[%mdl 64] Pin} (34... fxe6 35. Qxf6) 35. Nc7 $1 {[%mdl 512]}) 34... Rxe1 35. Rxe1 Qf4 (35... Kg7 $17 36. Qg3 Qxg3+ 37. hxg3 h5) 36. Qf1 $2 {[%mdl 8192]} (36. Nd7 $11 Qd6 37. Ne5) 36... Qxf1+ $2 (36... Qd2 $19 {is more deadly.} 37. Rc1 Re8) 37. Kxf1 $19 {[%mdl 4096] Endgame KRB-KRN} a5 ({Black should try} 37... Kg7 $17 38. h3 Ra7) 38. Nd7 (38. h3 $11) 38... Bg7 ({Better is} 38... Kg7 $17) 39. Nb6 (39. f6 $142 Rd8 40. Re7) 39... Rb8 (39... Rd8 $142) 40. Nxd5 $11 Rb2 $2 {[%mdl 8192]} (40... a4 $11) 41. Ne7+ $2 ({Only move:} 41. Re8+ $18 Bf8 42. f6) 41... Kf8 42. Nd5 Rxa2 {[#]} (42... Rxh2 $11 43. Re7 h5) 43. f6 $1 $16 Bh6 $2 {[%mdl 8192]} (43... Bxf6 $14 44. Nxf6 Kg7) 44. Re7 $2 (44. Nb6 {mates} Kg8 45. Re8+ Bf8 46. Nd7 Ra1+ 47. Ke2 Ra2+ 48. Ke3 h5 49. Rxf8+ Kh7 50. Rxf7+ Kg6 51. Rg7+ Kf5 52. f7) 44... g4 $2 {[%mdl 8192]} ({Wrong is} 44... Rxh2 $2 45. Nb6 $18) (44... Rb2 $16) 45. Rc7 {[%cal Rc7c8]} Ra1+ 46. Ke2 {[%cal Rc7c8]} Ke8 $2 {[#]} (46... Ra2+ $18 47. Kf1 Ra1+ 48. Kf2 Ra2+ 49. Kg3 Re2) 47. Nb6 $1 {[%cal Rc7c8]} Kd8 48. Rc8# {What a bad dream for Black. Accuracy: White = 36%, Black = 32%.} 1-0

[Event "Stay Safe Play From Home 220"]
[Site "T#646737Emanuel Laske"]
[Date "2020.06.12"]
[Round "3"]
[White "Edmatuag"]
[Black "Ovsaik"]
[Result "0-1"]
[WhiteElo "1746"]
[BlackElo "1884"]
[Annotator "NA RC"]
[PlyCount "70"]
[EventDate "2020.06.12"]
[EventType "swiss (blitz)"]

1. e3 {[%emt 0:00:01]} d5 {[%emt 0:00:02]} 2. Nf3 {[%emt 0:00:00]} c5 {[%emt 0:00:01]} 3. Nc3 {[%emt 0:00:00]} Nc6 {[%emt 0:00:01]} 4. Ne2 {[%emt 0:00:00]} e6 {[%emt 0:00:01]} 5. d4 {[%emt 0:00:00]} Nf6 {[%emt 0:00:01]} 6. c4 {[%emt 0:00:01]} cxd4 {[%emt 0:00:01]} 7. cxd5 {[%emt 0:00:01]} dxe3 {[%emt 0:00:02]} 8. dxc6 {[%emt 0:00:02]} exf2+ {[%emt 0:00:02]} 9. Kxf2 {[%emt 0:00:01]} Bc5+ {[%emt 0:00:02]} 10. Ke1 {[%emt 0:00:07]} Qb6 {[%emt 0:00:03]} 11. cxb7 {[%emt 0:00:09]} Bxb7 {[%emt 0:00:02]} 12. Nc3 {[%emt 0:00:03]} Bf2+ {[%emt 0:00:02]} 13. Ke2 {[%emt 0:00:02]} Ba6+ {[%emt 0:00:02]} 14. Kd2 {[%emt 0:00:01]} Rd8+ {[%emt 0:00:03]} 15. Kc2 {[%emt 0:00:01]} Rxd1 {[%emt 0:00:02]} 16. Kxd1 {[%emt 0:00:00]} Bxf1 {[%emt 0:00:02]} 17. Rxf1 {[%emt 0:00:02]} O-O {[%emt 0:00:01]} 18. Bd2 {[%emt 0:00:02]} Rd8 {[%emt 0:00:01]} 19. Kc2 {[%emt 0:00:01]} Qc5 {[%emt 0:00:02]} 20. Rad1 {[%emt 0:00:02]} Qf5+ {[%emt 0:00:02]} 21. Kc1 {[%emt 0:00:01]} Bb6 {[%emt 0:00:01]} 22. Nd4 {[%emt 0:00:04]} Qc5 {[%emt 0:00:05]} 23. Nb3 {[%emt 0:00:01]} Qc6 {[%emt 0:00:02]} 24. Bg5 {[%emt 0:00:02]} h6 {[%emt 0:00:05]} 25. Bxf6 {[%emt 0:00:01]} gxf6 {[%emt 0:00:02]} 26. Rxd8+ {[%emt 0:00:01]} Bxd8 {[%emt 0:00:01]} 27. Rd1 {[%emt 0:00:02]} Qc7 {[%emt 0:00:03]} 28. g3 {[%emt 0:00:01]} Be7 {[%emt 0:00:00]} 29. Kb1 {[%emt 0:00:01]} Qc6 {[%emt 0:00:01]} 30. Nd4 {[%emt 0:00:02]} Qg2 {[%emt 0:00:01]} 31. Ndb5 {[%emt 0:00:02]} Qxh2 {[%emt 0:00:01]} 32. Nc7 {[%emt 0:00:02]} Qxg3 {[%emt 0:00:01]} 33. Ne8 {[%emt 0:00:01]} Qf3 {[%emt 0:00:01]} 34. Rg1+ {[%emt 0:00:03]} Kf8 {[%emt 0:00:01]} 35. Ng7 {[%emt 0:00:02]} Bd6 {[%emt 0:00:02] Time (Lag: Av=1.30s, max=2.0s)} 0-1

[Event "Stay Safe Play From Home 220"]
[Site "T#646737Emanuel Laske"]
[Date "2020.06.12"]
[Round "3"]
[White "Trotsky"]
[Black "buzaglo"]
[Result "0-1"]
[WhiteElo "1642"]
[BlackElo "1921"]
[Annotator "TA"]
[PlyCount "68"]
[EventDate "2020.06.12"]
[EventType "swiss (blitz)"]

{[%evp 9,68,-13,-10,-15,5,-9,0,8,33,20,60,24,19,-170,-109,-157,-171,-169,-162,-166,105,-239,-237,-229,-228,-312,-188,-747,-217,-645,-645,-1230,-720,-821,-825,-800,-786,-808,-756,-750,-715,-866,-866,-1150,-1140,-1288,-1245,-1271,-652,-1101,-1101,-1321,-1320,-1629,-1516,-1510,-1554,-29991,-5565,-29987,-1391]} 1. d4 e6 2. e3 d5 3. c4 c5 4. Nc3 Nc6 5. a3 cxd4 6. exd4 {D30: Queen's Gambit Declined: Systems without Nc3.} Nf6 7. Be3 Bd6 8. c5 {The position is equal.} Be7 9. Nf3 {[#]} b6 $146 ({Predecessor:} 9... O-O 10. b4 Ng4 11. Bf4 f6 12. Bg3 a6 13. Na4 f5 14. Nb6 f4 15. Nxa8 fxg3 16. hxg3 {1-0 (33) Lasic,L (2225)-Dalic,Z (1756) Velika Gorica 2014}) 10. Bd3 bxc5 11. Qc2 $2 (11. dxc5 $11 Ng4 12. Bb5) 11... cxd4 (11... c4 $19 12. Be2 Rb8) 12. Bxd4 Nxd4 13. Nxd4 Qb6 14. Nf3 Ba6 $2 ({Black should try} 14... O-O $19 {White must now prevent ...Bb7.} 15. O-O Bb7) 15. h4 $2 {[%mdl 8192]} (15. Qa4+ $16 {is necessary to keep the advantage.} Nd7 16. Bxa6 Qxb2 {[%mdl 64] Double Attack} 17. O-O Qxc3 18. Rfc1) 15... Bxd3 $19 {Black keeps a firm grip on the game.} 16. Qxd3 Rc8 17. Qc2 Qa5 18. b4 $2 {[#]} (18. O-O) 18... Qb6 $2 (18... Bxb4 $1 {[%mdl 512]} 19. O-O (19. axb4 Qxa1+) 19... Bxc3) 19. Rc1 $2 {[#]} (19. Qa4+ Kf8 20. Ne2) 19... Ne4 $1 {[%mdl 512]} 20. Ng5 (20. Nxe4 Rxc2) 20... Nxc3 21. Qb2 d4 22. O-O h6 23. Nf3 Qd6 24. Rce1 O-O 25. Ne5 Bf6 26. f4 Bxe5 27. fxe5 Qd5 28. Qf2 Qb3 29. Kh2 d3 30. Qg3 d2 31. Re3 d1=Q 32. Rxd1 Qxd1 33. Rf3 Ne4 (33... Ne2 $142 34. Qf2 Rc1 35. Qf1 Qxf1 36. Rxf1 Rxf1 37. Kh3 Rc8 38. a4 Rc4 39. g4 Nf4+ 40. Kh2 Rc2+ 41. Kg3 Rg2#) 34. Qg4 {[#]} Qd2 {Accuracy: White = 20%, Black = 32%.} (34... Nf2 $142 $1 35. Qf4 (35. Rxf2 Qxg4) 35... Qh1+ 36. Kg3 Nd1 37. Rf1 Rc3+ {[%mdl 64] Double Attack} 38. Rf3 Rc2 39. Kg4 Rxg2+ 40. Rg3 Rd8 41. b5 Rxg3+ 42. Kxg3 Rd3+ {[%mdl 64] Double Attack} 43. Qf3 Qxf3+ 44. Kh2 Qh3+ {[%mdl 64] Double Attack} 45. Kg1 Rg3#) 0-1

[Event "Stay Safe Play From Home 220"]
[Site "T#646737Emanuel Laske"]
[Date "2020.06.12"]
[Round "4"]
[White "Mepe_Nika"]
[Black "Little champs"]
[Result "1-0"]
[WhiteElo "2381"]
[BlackElo "2229"]
[Annotator "TA"]
[PlyCount "107"]
[EventDate "2020.06.12"]
[EventType "swiss (blitz)"]

{[%evp 9,107,16,21,24,71,17,22,18,33,34,28,29,37,45,55,29,49,47,910,582,568,64,63,48,99,63,80,74,74,80,81,71,80,54,65,57,200,39,195,45,118,25,17,28,204,200,206,190,231,228,280,285,325,323,339,306,334,308,348,333,309,181,160,156,177,0,0,-25,-19,-12,-8,-8,0,-8,1264,1156,1096,1051,1860,1562,1652,1338,5043,4263,2841,2200,5093,3568,29976,29973,29976,29978,29978,29978,29978,29978,29977,29971,29964,29965]} 1. d4 e6 2. Bf4 d5 3. e3 Nf6 4. c4 Bd6 5. Bxd6 cxd6 6. Nc3 {D00: 1 d4 d5: Unusual lines.} O-O 7. Nf3 (7. cxd5 $16 Nxd5 8. Nxd5 exd5 9. Bd3) 7... dxc4 $11 8. Bxc4 {The position is equal.} d5 9. Bd3 Nc6 10. O-O h6 {[#]} 11. Rc1 $146 ({Predecessor:} 11. a3 Re8 12. Rc1 a6 13. Bb1 Qd6 14. Qd3 e5 15. dxe5 Nxe5 16. Nxe5 Qxe5 17. Rfd1 {½-½ (25) Cavadas,J (1615)-Rodrigues,C Coimbra 2014}) 11... a6 12. Bb1 Qe7 13. Qd3 e5 $2 {[%mdl 8192]} (13... Bd7 $14) 14. dxe5 Nxe5 15. Nxe5 $2 (15. Nxd5 $18 Nxd3 16. Nxe7+ Kh8 17. Bxd3) 15... Qxe5 $14 16. h3 $40 {[%mdl 128] White has some attack.} g6 ({Black should try} 16... Be6 $14) 17. Rfd1 {[%cal Rc3d5]} (17. f4 {keeps more tension.} Qh5 18. Qd4 Qh4 19. Rf3 Be6 20. Rcf1) 17... Bf5 18. Qd4 Qxd4 19. Rxd4 Be6 20. Rcd1 Rac8 21. Ne2 Rc7 22. Nf4 Kg7 {[#]} (22... g5 $14) 23. g4 $2 (23. Bxg6 $1 $18 {[%mdl 512]} Rfc8 (23... fxg6 24. Nxe6+) 24. Bb1) 23... Rfc8 $2 {[#]} (23... g5 $14) 24. Kg2 ({Only move:} 24. Bxg6 $1 $18 {[%mdl 512]} Rc1 (24... fxg6 25. Nxe6+) 25. Bb1) 24... Rc1 (24... g5 $14) 25. Bxg6 ({Better is} 25. Rxc1 $16 Rxc1 {[#]} 26. Bxg6 $1 {[%mdl 512]}) 25... Rxd1 $11 26. Rxd1 {aiming for Bb1.} Rc4 $2 (26... Bxg4 $1 $11 {and Black is okay.} 27. hxg4 fxg6) 27. Nxe6+ $18 fxe6 {[%mdl 4096] Endgame KRB-KRN} 28. Bd3 Rb4 29. b3 Rb6 30. Rc1 Rd6 31. Rc7+ Rd7 32. Rxd7+ Nxd7 {KB-KN} 33. f4 Kf6 34. Kf3 e5 35. fxe5+ (35. Bf5 $142 Nc5 36. fxe5+ Kxe5 37. b4) 35... Nxe5+ 36. Ke2 Kg5 37. e4 $2 ({White should play} 37. Bf5 $18) 37... d4 $11 38. Kd2 Kh4 39. Bf1 Kg3 40. b4 Kf4 41. a4 Kxe4 $2 {[%mdl 8192]} (41... Kf3 $11) 42. Bg2+ $18 Kf4 43. Bxb7 Kg3 44. Bxa6 Kf4 45. Bd3 Kf3 46. Be2+ Ke4 47. a5 {[%cal Ba4a5,Ba5a6][%mdl 32]} d3 {[#]} 48. Bxd3+ $1 {[%mdl 512]} Nxd3 {KN-KP} 49. b5 {White mates.} Nc5 50. a6 Nd7 51. Kc3 Nb6 52. Kb4 Kd5 53. h4 Kd6 54. g5 {Accuracy: White = 53%, Black = 46%.} 1-0

[Event "Stay Safe Play From Home 220"]
[Site "T#646737Emanuel Laske"]
[Date "2020.06.12"]
[Round "4"]
[White "Fischer_11"]
[Black "Trotsky"]
[Result "1-0"]
[WhiteElo "2015"]
[BlackElo "1637"]
[Annotator "NA RC"]
[PlyCount "45"]
[EventDate "2020.06.12"]
[EventType "swiss (blitz)"]

1. e4 {[%emt 0:00:03]} c5 {[%emt 0:00:01]} 2. c3 {[%emt 0:00:00]} e6 {[%emt 0:00:00]} 3. d4 {[%emt 0:00:00]} d5 {[%emt 0:00:01]} 4. exd5 {[%emt 0:00:00]} exd5 {[%emt 0:00:01]} 5. Be3 {[%emt 0:00:00]} c4 {[%emt 0:00:01]} 6. Nd2 {[%emt 0:00:01]} Be6 {[%emt 0:00:01]} 7. b3 {[%emt 0:00:00]} Nc6 {[%emt 0:00:01]} 8. bxc4 {[%emt 0:00:00]} Bd6 {[%emt 0:00:01]} 9. cxd5 {[%emt 0:00:01]} Bxd5 {[%emt 0:00:01]} 10. c4 {[%emt 0:00:00]} Nf6 {[%emt 0:00:08]} 11. cxd5 {[%emt 0:00:01]} Nxd5 {[%emt 0:00:01]} 12. Ngf3 {[%emt 0:00:01]} Qc7 {[%emt 0:00:01]} 13. Bc4 {[%emt 0:00:03]} Nf6 {[%emt 0:00:01]} 14. O-O {[%emt 0:00:03]} Ng4 {[%emt 0:00:01]} 15. h3 {[%emt 0:00:03]} h5 {[%emt 0:00:01]} 16. Ne4 {[%emt 0:00:03]} Bh2+ {[%emt 0:00:04]} 17. Kh1 {[%emt 0:00:02]} O-O-O {[%emt 0:00:01]} 18. d5 {[%emt 0:00:02]} Nce5 {[%emt 0:00:01]} 19. d6 {[%emt 0:00:03]} Rxd6 {[%emt 0:00:04]} 20. Nxd6+ {[%emt 0:00:07]} Kb8 {[%emt 0:00:01]} 21. Nxe5 {[%emt 0:00:01]} f6 {[%emt 0:00:01]} 22. Qa4 {[%emt 0:00:04]} Bxe5 {[%emt 0:00:02]} 23. Qxa7# {[%emt 0:00:03] (Lag: Av=0.22s, max=0.6s)} 1-0

[Event "Stay Safe Play From Home 220"]
[Site "T#646737Emanuel Laske"]
[Date "2020.06.12"]
[Round "4"]
[White "Lazieri3"]
[Black "Greblah"]
[Result "0-1"]
[WhiteElo "2006"]
[BlackElo "1915"]
[Annotator "TA"]
[PlyCount "118"]
[EventDate "2020.06.12"]
[EventType "swiss (blitz)"]

{[%evp 15,118,45,57,25,29,18,23,0,0,1,27,24,29,-11,26,-16,-13,-22,-24,-12,-7,-20,56,6,25,-27,0,0,30,27,75,70,63,0,0,0,12,0,0,-982,14,-25,-25,-185,-185,-164,-157,-5269,-5260,-5306,-4347,-2969,-1000,-6087,-5514,-5197,-4591,-1556,-1000,-984,-8,-8,-8,-8,-8,-8,-8,-29979,-29980,-29980,-29981,-29981,-29982,-29983,-29984,-29984,-29985,-29985,-29986,-29986,-29987,-29987,-29988,-29988,-29989,-29988,-29989,-29990,-29991,-29991,-29992,-29994,-29995,-29996,-29993,-29994,-29995,-29995,-29994,-29996,-29996,-29996,-29997,-29997,-29998]} 1. e4 c6 2. Nc3 d5 3. d4 dxe4 4. Nxe4 Nf6 5. Nxf6+ gxf6 6. Nf3 Bg4 7. Bf4 e6 8. Be2 Bd6 9. Bxd6 {B16: Caro-Kann: Bronstein-Larsen Variation.} (9. Bg3 {seems wilder.} Qe7 10. c3 Nd7 11. a4 O-O-O 12. b4) 9... Qxd6 10. c3 Nd7 11. h3 {White has an edge.} Bh5 12. Nd2 {[#]} Bg6 $146 ({Predecessor:} 12... Bxe2 13. Qxe2 Qd5 14. Qe4 h6 15. Qxd5 cxd5 16. O-O O-O 17. Rfe1 Rac8 {1-0 (35) Haimerl,W (1668)-Bartl,B (1845) Bayern 2014}) 13. Nc4 Qc7 14. Bd3 b5 15. Bxg6 hxg6 16. Ne3 Nb6 17. Qf3 f5 18. O-O Nd5 (18... g5 $11) 19. Nxd5 cxd5 20. a3 (20. a4 $142) 20... O-O 21. h4 Qc4 22. h5 Kg7 23. hxg6 fxg6 24. g4 ({White should try} 24. Qe3 $14) 24... fxg4 $11 25. Qxg4 Rf5 26. Rae1 Re8 27. Re5 $2 {[%mdl 8192]} (27. Re3 $11) 27... Qc7 $2 ({Better is} 27... Rxe5 $19 28. Qg3 Re2) 28. Rxf5 (28. Rfe1 {is interesting.} Qf7 29. R1e2 Rf4 30. Qg3 Rf3 31. Qg2) 28... exf5 $40 {[%mdl 128] Black attacks.} 29. Qg3 $2 (29. Qg5 $11 {and White stays safe.}) 29... Qxg3+ $19 30. fxg3 {[%mdl 4096] Endgame KR-KR} Re2 31. Rf2 $2 (31. a4 $17) 31... Rxf2 $1 32. Kxf2 {KP-KP} Kf6 33. b3 a6 (33... a5 $142 34. Ke1 g5) 34. Kf3 g5 35. Ke3 Ke6 36. Kd3 Kd6 37. c4 bxc4+ $2 ({Black should play} 37... dxc4+ $1 $19 38. bxc4 bxc4+ 39. Kxc4 Kc6) 38. bxc4 $11 dxc4+ 39. Kxc4 f4 40. gxf4 gxf4 {KPP-KPP} 41. d5 $2 {[%mdl 8192] White is now going downhill.} (41. Kc3 $11) 41... f3 {Black mates.} 42. Kd3 Kxd5 {KPP-KP} 43. Ke3 Kc4 $1 44. Kxf3 {KP-KP} Kb3 $1 45. a4 Kxa4 {KP-K} 46. Ke2 Kb3 47. Kd1 Kb2 48. Kd2 a5 49. Kd3 {[#]} a4 $1 50. Kc4 a3 51. Kb4 {[#]} a2 $1 52. Kc4 a1=Q 53. Kb4 Qa3+ 54. Kc4 Qc3+ 55. Kb5 Kb3 56. Kb6 Qc4 57. Ka5 Qb4+ 58. Ka6 Kc4 59. Ka7 Kc5 {Accuracy: White = 51%, Black = 58%.} 0-1

[Event "Stay Safe Play From Home 220"]
[Site "T#646737Emanuel Laske"]
[Date "2020.06.12"]
[Round "4"]
[White "Haxhi Baha"]
[Black "Toosieslide"]
[Result "0-1"]
[WhiteElo "1965"]
[BlackElo "2249"]
[Annotator "TA"]
[PlyCount "54"]
[EventDate "2020.06.12"]
[EventType "swiss (blitz)"]

{[%evp 10,54,-22,-49,-8,-19,-29,-27,9,17,16,0,46,17,22,6,6,-7,-4,-3,22,9,13,-53,7,0,4,0,13,11,28,15,80,0,26,0,0,0,17,11,41,-370,-367,-700,-400,-447,-157]} 1. e4 e5 2. f4 exf4 3. Bc4 Nf6 4. Nf3 d5 5. exd5 Nxd5 6. d4 Be7 {C36: King's Gambit Accepted: 3 Nf3 d5.} 7. Bxd5 Qxd5 8. Nc3 Qd8 {Black has an edge.} (8... Qf5 {with more complications.} 9. O-O c6 10. Nh4 Qa5 11. Rxf4 O-O) 9. Bxf4 O-O 10. Qd2 {[#]} Be6 $146 ({Predecessor:} 10... Bf5 11. O-O Nc6 12. Nb5 Nb4 13. Bxc7 Qd7 14. c4 Nc2 15. Ne5 Qe6 16. Rac1 f6 {½-½ (27) Bosch,J (2480)-Bayer,B (2295) Austria 2000}) 11. O-O-O (11. d5 $5 {[%cal Rd5e6]} Bf5 12. O-O-O $14) 11... c6 12. h4 Na6 13. a3 Nc7 14. Ng5 h6 15. Nxe6 Nxe6 16. Be5 (16. Bg3 $11) 16... Bf6 ({Better is} 16... Bxh4 $15 17. Qe2 Bg5+ 18. Kb1 Re8) 17. Qe3 Bxe5 18. dxe5 Qb6 19. Qg3 Rad8 20. Ne4 Kh8 (20... Rxd1+ $11 {keeps the balance.} 21. Rxd1 Qb5) 21. Qg4 ({White should play} 21. Nd6 $16) 21... Rd4 22. Qf5 Rxd1+ 23. Rxd1 Qe3+ 24. Kb1 Nd4 25. Rxd4 $2 {[%mdl 8192] [#]} (25. Qg4 $14 {stays ahead.}) 25... Qxd4 $19 26. Nf6 $2 (26. Ka2) 26... g6 27. Qf3 Qg1+ $2 {Accuracy: White = 52%, Black = 45%.} (27... Qxe5 $19 {and Black stays clearly on top.} 28. h5 Kg7) 0-1

[Event "Stay Safe Play From Home 220"]
[Site "T#646737Emanuel Laske"]
[Date "2020.06.12"]
[Round "4"]
[White "buzaglo"]
[Black "Lamborghini"]
[Result "0-1"]
[WhiteElo "1927"]
[BlackElo "2277"]
[Annotator "TA"]
[PlyCount "64"]
[EventDate "2020.06.12"]
[EventType "swiss (blitz)"]

{[%evp 15,63,33,60,0,28,0,8,-23,-30,-23,30,-355,-26,-16,1,-25,-7,-79,-94,-89,-66,-61,120,113,201,45,45,-525,-415,-702,-694,-1022,-1022,-1006,-995,-976,-947,-900,-874,-893,-880,-989,-957,-5484,-4986,-29996,-29997,-29997,-29997,-29999]} 1. d4 Nf6 2. Nf3 g6 3. g3 Bg7 4. Bg2 O-O 5. O-O d6 6. c4 c6 7. Nc3 Qa5 {7...Bf5 is more fashionable. Played by Fabiano Caruana in May 2020.} 8. e4 Bg4 9. Bd2 {E62: King's Indian: Fianchetto: 6...c6 and Panno Variation (6...Nc6) without ...a6.} (9. Qb3 $14) 9... Qh5 10. Re1 e5 {Threatens to win with ...exd4.} 11. dxe5 {The position is equal.} dxe5 {[#]} 12. Re3 $146 ({Predecessor:} 12. Qe2 Nbd7 13. Qe3 h6 14. Rad1 Rfd8 15. Bc1 Bf8 16. Na4 b6 17. Rd3 b5 18. cxb5 cxb5 {0-1 (48) Weilguni,J (2198)-Fauland,A (2477) Linz 2011}) 12... Bh6 (12... Nbd7 $142) 13. Re1 $2 {[%mdl 8192]} (13. Rd3 $11) 13... Nbd7 $2 ({Better is} 13... Bxd2 $19 14. Qxd2 Bxf3) 14. Bxh6 $11 Qxh6 15. Qb3 Nc5 $36 {[%mdl 2048] Black has some pressure.} 16. Qb4 (16. Qa3 $11 Nfd7 17. Rad1) 16... Nd3 $17 17. Qxb7 Nxe1 18. Rxe1 Qh5 $2 (18... Bxf3 $15 {keeps the upper hand.} 19. Bxf3 Qd2) 19. Qxc6 $16 Bxf3 (19... Kg7 $16) 20. Bxf3 $2 ({White has to play} 20. Qxf6 $18 Bxg2 21. Kxg2) 20... Qxf3 $14 21. Nd5 $2 {[%mdl 8192]} (21. Re3 $14 {is the one way to stay ahead.} Rac8 22. Qxc8 Qxf2+ 23. Kxf2 Rxc8 24. Nd5 Ng4+ 25. Kf3 Nxh2+ 26. Kg2) 21... Nxd5 22. cxd5 (22. exd5 $142 Rfc8 23. Qa6) 22... Rac8 $19 23. Qd6 {[#]} Rc2 $1 {[%mdl 64] Double Attack} 24. Rf1 Qxe4 25. Qa6 Qd4 26. b3 Rd2 27. a4 h5 28. h4 e4 29. Qd6 e3 {( -> ...e2)} 30. fxe3 Qxe3+ {[%mdl 64] [#] Double Attack. Black mates.} 31. Kh1 Qe2 {[%cal Re2f1]} 32. g4 Qg2# {Accuracy: White = 19%, Black = 39%.} 0-1